00877nam a2200253 a 4500999001500000001000600015003000900021005001700030008004100047020001800088040002800106082002400134100002100158245008900179250001200268260003700280300004800317504005100365650002600416650002400442700002300466942001200489952012200501 c6522d652220662BD-DhUAP20210103154429.0210103s2017 nyua b 001 0 eng d a9781259251382 aDLCcDLCbengdBD-DhUAP04a338.5024658 BAY223 aBaya, Michael R.10aManagerial economics and business strategy /cMichael R. Baya and Jeffrey T. Prince. a9th ed. aNew York :bMcGraw Hill,cc2017. axxvii, 548 pages :billustrations ;c25 cm. aIncludes bibliographical references and index. 0aManagerial economics. 0aStrategic planning.1 aPrince, Jeffrey T. 2ddccBK 00102ddc4070aUAPCLbUAPCLcGeneral Stacksd2021-01-03o338.5024658 BAYp3010020662r2021-01-03t1w2021-01-03yBK